Normal view MARC view
  • EMERGENCY MEDICAL TECHNIANS--GREAT BRITAIN

Entry Topical Term

Number of records used in: 2

001 - CONTROL NUMBER

  • control field: 4644

003 - CONTROL NUMBER IDENTIFIER

  • control field: CBULib

005 - DATE AND TIME OF LATEST TRANSACTION

  • control field: 20250626122549.0

008 - FIXED-LENGTH DATA ELEMENTS

  • fixed length control field: 250626|| aca||babn | a|a d

040 ## - CATALOGING SOURCE

  • Original cataloging agency: CBULib

150 ## - HEADING--TOPICAL TERM

  • Topical term or geographic name entry element: EMERGENCY MEDICAL TECHNIANS--GREAT BRITAIN